Normal view
MARC view
- Higgins,Jack
Entry Personal Name
001 - CONTROL NUMBER
- control field: 9686
003 - CONTROL NUMBER IDENTIFIER
- control field: NUST
005 - DATE AND TIME OF LATEST TRANSACTION
- control field: 20180124122649.0
008 - FIXED-LENGTH DATA ELEMENTS
- fixed length control field: 180124|| aca||aabn | a|a d
040 ## - CATALOGING SOURCE
- Original cataloging agency: NUST
- Transcribing agency: NUST
100 ## - HEADING--PERSONAL NAME
- Personal name: Higgins,Jack
670 ## - SOURCE DATA FOUND
- Source citation: Work cat.: (NUST)322093: Higgins,Jack, Thunder Point, 1993
